Archives of the Kong Koan of Batavia (Record no. 691688)

MARC details
000 -LEADER
fixed length control field 00883nam a2200277Ia 4500
003 - CONTROL NUMBER IDENTIFIER
control field OSt
005 - DATE AND TIME OF LATEST TRANSACTION
control field 20220927105313.0
008 - FIXED-LENGTH DATA ELEMENTS--GENERAL INFORMATION
fixed length control field 220926b |||||||| |||| 00| 0 eng d
020 ## - INTERNATIONAL STANDARD BOOK NUMBER
International Standard Book Number 9004131574
037 ## - SOURCE OF ACQUISITION
Terms of availability Reference Collections
040 ## - CATALOGING SOURCE
Original cataloging agency RTL
Transcribing agency RTL
Language of cataloging eng
041 ## - LANGUAGE CODE
Source of code eng
Language code of text/sound track or separate title eng
100 ## - MAIN ENTRY--PERSONAL NAME
Personal name BLUSSE Leonard Ed.
9 (RLIN) 371536
245 #0 - TITLE STATEMENT
Title Archives of the Kong Koan of Batavia
260 ## - PUBLICATION, DISTRIBUTION, ETC.
Place of publication, distribution, etc. Leiden
Name of publisher, distributor, etc. Brill
Date of publication, distribution, etc. 2003
300 ## - PHYSICAL DESCRIPTION
Extent "viii, 160p"
Dimensions cm.
500 ## - GENERAL NOTE
General note Bibliography p 151-156; Appendix P 140-146; Glossary P 147-149
650 ## - SUBJECT ADDED ENTRY--TOPICAL TERM
Topical term or geographic name entry element Marriage China
9 (RLIN) 371537
700 ## - ADDED ENTRY--PERSONAL NAME
Personal name MENGHONG Chen Ed.
9 (RLIN) 371538
942 ## - ADDED ENTRY ELEMENTS (KOHA)
Classification part "Y:3217.41.N<--K19, P3"
Koha item type
Holdings
Withdrawn status Lost status Damaged status Not for loan Home library Current library Date acquired Total Checkouts Full call number Barcode Date last seen Price effective from Koha item type
        Ratan Tata Library Ratan Tata Library 2022-09-27   "Y:3217.41.N<--K19 P3" RT1329511 2022-09-27 2022-09-27  
Copyright @ Delhi University Library System